Statistics for Third World countries (in terms of human development-HDI index)

Click here to take the quiz!

General Stats

  • This quiz has been taken 925 times
    (655 since last reset)
  • The average score is 35 of 46

Answer Stats

HintAnswer% Correct
0.295Niger
94%
0.286Congo, Dem. Rep.
91%
0.408Sudan
90%
0.509Kenya
88%
0.459Nigeria
88%
0.328Chad
88%
0.359Mali
87%
0.363Ethiopia
85%
0.429Rwanda
84%
0.376Zimbabwe
84%
0.316Burundi
83%
0.486Angola
83%
0.466Tanzania
82%
0.430Zambia
82%
0.446Uganda
82%
0.459Senegal
82%
0.344Guinea
81%
0.435Togo
81%
0.336Sierra Leone
81%
0.322Mozambique
81%
0.349Eritrea
81%
0.450Lesotho
80%
0.329Liberia
80%
0.427Benin
80%
0.420Gambia
80%
0.398Afghanistan
78%
0.353Guinea - Bissau
77%
0.480Madagascar
77%
0.453Mauritania
77%
0.430Djibouti
76%
0.400Malawi
76%
0.400Cote d' Ivoire
76%
0.454Haiti
76%
0.462Yemen
75%
0.482Cameroon
75%
0.331Burkina Faso
74%
0.504Pakistan
73%
0.500Bangladesh
71%
0.433Comoros
69%
0.343Central African Republic
68%
0.458Nepal
65%
0.509Sao Tome and Principe
65%
0.483Myanmar
61%
0.495East Timor
51%
0.466Papua New Guinea
49%
0.510Solomon Islands
39%

Score Distribution

Percentile by Number Answered

Percent of People with Each Score

Your Score History

You have not taken this quiz since the last reset